000 02886cam a22005294i 4500
003 PE-LiUPU
005 20250731173418.0
008 150706s2008 xxu r 000 0 spa d
020 _a9781602551237
035 _a(Sirsi) i9781602551237
040 _aPE-LiUPU
_bspa
_cPE-LiUPU
_erda
049 _aPRUA
082 0 4 _a232
_bC95m
_221
100 1 _aCury, Augusto,
_eautor.
245 1 3 _aEl Maestro de maestros :
_bJesús el educador más grande de todos los tiempos /
_cAugusto Cury.
264 1 _aNashville, Tennessee :
_bGrupo Nelson,
_c2008.
300 _a191 páginas ;
_c21 centímetros.
336 _atext
_2rdacontent
337 _aunmediated
_2rdamedia
338 _avolume
_2rdacarrier
490 1 _aAnálisis de la inteligencia de Cristo
500 _aTítulo en portugués: O Mestre dos mestres.
505 0 _aCaracterísticas intrigantes de la inteligencia de Cristo -- Jesucristo: ¿un personaje real o imaginario? -- La timidez y la omisión de la ciencia en investigar la inteligencia de Cristo -- Si Cristo viviera hoy día, revolucionaría los fundamentos de la psiquiatría y de la psicología -- Cristo perturbaría el sistema político -- El discurso de Jesucristo dejaría a la medicina actual atónita produciendo la mayor crisis existencial del ser humano -- Un proyecto audaz: el público y el ambiente -- Despertando la sed de aprender y liberando la inteligencia -- Invirtiendo en sabiduría frente a los inviernos de la vida -- Un narrador de historias que sabía trabajar con las habilidades de la memoria y estimular el arte de pensar -- Superando la solidad: haciendo amigos -- Preservando la unidad y enseñando el arte de amar -- Introduciendo las funciones más importantes de la inteligencia.
526 _aSEG42
526 _aSEG41
526 _aSEG40
526 _aSEG39
526 _aP94
526 _aP87
526 _aP86
526 _aP85
526 _aP77
526 _aP76
526 _aP35
541 _g001-0000579;
600 1 _aJesucristo
630 _aBiblia.
_pN.T.
_xEvangelios
_vCrítica e interpretación.
700 1 _aOliveira, María Fernanda,
_etraductor.
910 _agl
_bjv
_clch
_d20120612
942 _2ddc
_cBOOK
949 _a232 C95M
_wDEWEY
_c1
_i64880
_lCCODEBUL1
_mBUL
_p14.00
_r0
_sY
_tBOOK
_u2015-7-6
_xTEOLOGIA
_PP35
_o.STAFF. Colección Teología
994 _aC0
_bPEPRU
596 _a1
999 _a232 C95M
_wDEWEY
_c53585
_i64880
_d53585
_e2019-1-30
_f2021-11-9
_g5
_lCCODEBUL1
_mBUL
_n4
_p14.00
_r0
_sY
_tBOOK
_u2015-7-6
_xTEOLOGIA
_PP35
_0COMPRA
_o.STAFF. Colección Teología
999 _a232 C95M
_wDEWEY
_c2
_i74939
_f2021-11-9
_g5
_lCCODEBUL1
_mBUL
_r0
_sY
_tBOOK
_u2016-10-5
_xTEOLOGIA
_PP35
_0COMPRA
_o.STAFF. Colección Teología
980 _81
_gALBERTO SANCHEZ Responsable de Automatización